Loi XLIX de 1899 et Instruction relative aux faveurs accordées à l'Industrie nationale dans les pays de la Sainte Couronne Hongroise. (Record no. 183890)
[ view plain ]
| 000 -LEADER | |
|---|---|
| campo de control de longitud fija | 00471nam a2200133 i 4500 |
| 001 - NÚMERO DE CONTROL | |
| campo de control | 183890 |
| 003 - IDENTIFICADOR DE NÚMERO DE CONTROL | |
| campo de control | ES-MaACL |
| 005 - FECHA Y HORA DE LA ÚLTIMA TRANSACCIÓN | |
| campo de control | 20230906222009.0 |
| 008 - DATOS DE LONGITUD FIJA--INFORMACIÓN GENERAL | |
| campo de control de longitud fija | 141107s1900 hu |||| | fre d |
| 245 00 - MENCIÓN DEL TÍTULO | |
| Título | Loi XLIX de 1899 et Instruction relative aux faveurs accordées à l'Industrie nationale dans les pays de la Sainte Couronne Hongroise. |
| 260 ## - PUBLICACIÓN, DISTRIBUCIÓN, ETC. | |
| Lugar de publicación, distribución, etc. | Budapest : |
| Nombre del editor, distribuidor, etc. | Ministére Royal Hongrois du Commerce, |
| Fecha de publicación, distribución, etc. | 1900. |
| 300 ## - DESCRIPCIÓN FÍSICA | |
| Extensión | 40 p. ; |
| Dimensiones | . |
| 852 ## - LOCALIZACIÓN | |
| Ubicación | ES-MaACL |
| Número de control de estantería | T-987-F-5 |
| Estatus retirado | Estado de pérdida | Estado de daño | No para préstamo | Colección | Biblioteca de origen | Biblioteca actual | Ubicación en estantería | Fecha de adquisición | Fuente de adquisición | Total de préstamos | Signatura topográfica completa | Código de barras | Visto por última vez | Precio de reemplazo | Tipo de ítem Koha |
|---|---|---|---|---|---|---|---|---|---|---|---|---|---|---|---|
| Colección de folletos | Biblioteca del Ateneo de Madrid | Biblioteca del Ateneo de Madrid | Depósito folletos | 07/11/2014 | T-987-F-5 | 1193362 | 23/02/2023 | 23/02/2023 | Folleto |
